000 00675nam a2200217 a 4500
005 20210223124737.0
008 021004s1997 mx r 000 0 spa d
020 _a842712113X
035 _aUPN01000119890
049 _aC
050 4 _aJA64
_bR3.2
100 1 _aRamírez Aguilera, Rafael
245 1 0 _aBreve diccionario de la política /
_cRafael Ramírez Aguilera, Rafael Ramírez Victoriano.
260 _aBilbao, Esp. :
_bMensajero,
_cc1997.
300 _a255 p.
440 0 _aBiblioteca educación y acción social
650 4 _aCIENCIAS POLITICAS -
_vDICCIONARIOS
_910161
700 1 _aRamírez Victoriano, Rafael,
_ecoaut.
902 _aMMA/cav
905 _aLibro
999 _c92240
_d92240